Photoshop : rekaan kreatif dan artistik
| Main Author: | |
|---|---|
| Format: | Book |
| Language: | English |
| Published: |
Taiwan :
Kings Information ,
2003
|
| Subjects: |
MARC
| LEADER | 00000cam a2200000 7i4500 | ||
|---|---|---|---|
| 001 | 0000019179 | ||
| 005 | 20091104.0 | ||
| 008 | 091103s cc a eng | ||
| 020 | |a 9861250719 , |c RM36.90 | ||
| 040 | |a INS | ||
| 090 | 0 | 0 | |a T385 |b M56 2003 |
| 100 | 1 | |a Minggo | |
| 245 | 1 | 0 | |a Photoshop : |b rekaan kreatif dan artistik |
| 260 | |a Taiwan : |b Kings Information , |c 2003 | ||
| 300 | |a Various pages : |b ill.col. ; |c 23cm. |e 1 cd | ||
| 650 | 0 | |a Adobe Photoshop | |
| 650 | 0 | |a Computer graphics | |
| 999 | |a 0000021205 |b BOOK |c Open Shelf |e Default branch | ||